| 000 | 00351 a2200109 4500 | ||
|---|---|---|---|
| 001 | ART_50694 | ||
| 005 | 20260410162043.0 | ||
| 008 | 260409a | ||
| 245 | 1 | 0 | _aEl nuevo impuesto para una Argentina inclusiva y solidaria |
| 100 | 1 | _aCoronello, Silvina E. | |
| 773 | 0 |
_tImpuestos _gReforma Tributaria - NÂș 67/1 (ene. 2020) _wREV45175 |
|
| 999 |
_c35102 _d35102 |
||